000 00770nam a2200205Ii 4500
003 JO-AjNU
008 230605s9999||||xx |||||||||||||| ||und||
017 _a1981/1088
040 _aJO-AjNU
_bara
_erda
_cJO-AjNU
041 _aara
050 1 4 _aHF5437.H3764.1981
100 3 _aحسوان، عبدالنافع/م.مشارك مؤيد سعيد،رشاد انطون,
_eauthor
_934948
245 0 0 _aادارة المشتريات
264 3 1 _aبغداد:وزارة التعليم العالي والبحث العلمي ،1981
300 _a147ص
_bيحتوي على ببلوغرافية من ص143-147ص
336 _atext
_btxt
_2rdacontent
337 _aunmediated
_bn
_2rdamedia
338 _avolume
_bnc
_2rdacarrier
650 4 _aادارة المشتريات
_934949
999 _aA14380
_c17948
_d17948